|
|
|
|
| LEADER |
00765nab a2200205 i 4500 |
| 001 |
misc73847 |
| 005 |
20241018154351.0 |
| 008 |
240118s1950 hu o 000 eng d |
| 040 |
|
|
|a SZTE Miscellanea Repozitórium
|b hun
|
| 041 |
|
|
|a eng
|
| 100 |
1 |
|
|a Rozsa George
|
| 245 |
1 |
4 |
|a The electron microscopy of myelinated nerve
|h [elektronikus dokumentum] /
|c Rozsa George
|
| 260 |
|
|
|a Elsevier
|b New York, Amsterdam, London, Brussels
|c 1950
|
| 300 |
|
|
|a 13-27
|
| 490 |
0 |
|
|a Biochimica et Biophysica Acta
|v 6
|
| 561 |
|
|
|a Szent-Györgyi Albert tudományos és egyéb írásai
|
| 700 |
0 |
1 |
|a Morgan Councilman
|e aut
|
| 700 |
0 |
2 |
|a Szent-Györgyi Albert
|e aut
|
| 700 |
0 |
2 |
|a Wyckoff Ralph W. G.
|e aut
|
| 856 |
4 |
0 |
|u http://misc.bibl.u-szeged.hu/73847/1/szgya_magyar_222.pdf
|z Dokumentum-elérés
|